Apostle Islands - Statistics

General Stats
  • This quiz has been taken 23 times
  • The average score is 13 of 22
Answer Stats
Area Island % Correct
310.28 acres Devils Island
80%
27.7 acres Eagle Island
80%
15359.45 acres Madeline Island
80%
1814.03 acres Bear Island
70%
5024.09 acres Oak Island
70%
7860.88 acres Outer Island
70%
287.60 acres Raspberry Island
70%
1914.28 acres Basswood Island
60%
787.60 acres Hermit Island
60%
666.05 acres Ironwood Island
60%
308.70 acres Long Island
60%
165.70 acres North Twin Island
60%
1322.68 acres Otter Island
60%
2859.33 acres Sand Island
60%
336.37 acres South Twin Island
60%
9892.46 acres Stockton Island
60%
1339.07 acres Cat Island
50%
3.51 acres Gull Island
50%
1325.20 acres Manitou Island
50%
1049.32 acres Rocky Island
50%
1538.74 acres Michigan Island
40%
273.83 acres York Island
40%
No matching quizzes found
Score Distribution
Percent of People with Each Score
Percentile by Number Answered
Your Score History
You have not taken this quiz